00825nam a2200217 a 450000100100000000500170001000800410002702000180006804000250008610000300011124000410014124501300018225000110031226000340032330000210035750000350037870000410041370000310045495201050048599900170059000003857920201002031313.0130415s2010 xxu 000 0 spa d a9781616052430 aDO-SdBNPbspacBNPHU1 aBetancourt, Ingrid95717710aMeme le silence a une finlEspañol10aNo hay silencio que no termine /cIngrid Betancourt ; traducción del francés por María Mercedes Correa y Mateo Cardona. a2a ed. aMiami, Estados Unidos,c2010. a710 p. ;c23 cm. aTraducido del idioma francés1 aMercedes Correa, Maríaetr.9649181 aCardona, Mateoetr.964919 001050718MOaGRbGRcCTd2013-04-15iLF1l0o p38579-10r2020-06-25w2020-06-25y1ZNo se presta c38069d38069